Dingbats #4 - Statistics

General Stats
  • This quiz has been taken 151 times
  • The average score is 8 of 20
Answer Stats
Picture Answer % Correct
Round of applause
87%
Green fingers
78%
Tongue tied
76%
Beat around the bush
70%
Boil it down
57%
Blue murder
54%
Cold turkey
52%
Bark up the wrong tree
47%
Dead in the water
46%
Bad apple
43%
Fire in the hole
40%
Blackmail
30%
Salt of the earth
29%
Overseas aid
25%
Break the cycle
24%
Hour of need
15%
Saving graces
15%
Colour sergeant
12%
Bear fruit
8%
Days are numbered
7%
No matching quizzes found
Score Distribution
Percent of People with Each Score
Percentile by Number Answered
Your Score History
You have not taken this quiz